[Event "Las Palmas Insular-chT Segunda-B 1617"]
[Site "Las Palmas"]
[Date "2016.12.17"]
[Round "7.1"]
[White "Antonini, Roberto"]
[Black "Macias Reyes, Jose Luis"]
[Result "0-1"]
[WhiteElo "1565"]
[BlackElo "1447"]
[PlyCount "100"]
[EventDate "2016.10.22"]
[EventType "team-tourn"]
[EventRounds "14"]
[EventCountry "ESP"]
[SourceTitle "EXT 2018"]
[Source "ChessBase"]
[SourceDate "2017.10.13"]
[SourceVersion "1"]
[SourceVersionDate "2017.10.13"]
[SourceQuality "1"]
[WhiteTeam "Hotel Avda de Canarias V"]
[BlackTeam "Sociedad La Montana III"]
[WhiteTeamCountry "ESP"]
[BlackTeamCountry "ESP"]

1. d4 Nf6 2. c4 g6 3. Nc3 d5 4. cxd5 Nxd5 5. e4 Nxc3 6. bxc3 Bg7 7. Be3 0-0 8. g3 c5 9. Ne2 Qa5 10. Bg2 Nc6 11. 0-0 cxd4 12. cxd4 Rd8 13. d5 Bxa1 14. Qxa1 Nb8 15. Bh6 f6 16. e5 Nd7 17. f4 Qd2 18. exf6 Nxf6 19. Qe5 Qb4 20. h3 Qd6 21. Qa1 Nh5 22. g4 Nf6 23. Ng3 Ne8 24. g5 e6 25. Ne4 Qb6+ 26. Kh1 exd5 27. Nf6+ Nxf6 28. gxf6 Kf7 29. Bg7 Bf5 30. a4 Be4 31. Qa3 Bxg2+ 32. Kxg2 Qd6 33. Qb3 Rd7 34. Re1 Re8 35. Rxe8 Kxe8 36. Qe3+ Kf7 37. Qxa7 d4 38. Qa5 Qd5+ 39. Qxd5+ Rxd5 40. Kf2 Ra5 41. Ke2 Rxa4 42. Kd3 b5 43. Bh6 Kxf6 44. Bg5+ Kf5 45. Bh6 Ra3+ 46. Kxd4 Rxh3 47. Bg7 Kxf4 48. Kc5 Rh5+ 49. Kb4 Rf5 50. Bh6+ Kf3 0-1

[Event "Las Palmas Insular-chT Primera-B"]
[Site "Las Palmas"]
[Date "2016.01.23"]
[Round "10.1"]
[White "Yanez Santana, Ivan Jose"]
[Black "Antonini, Roberto"]
[Result "1-0"]
[WhiteElo "1605"]
[BlackElo "1565"]
[PlyCount "57"]
[EventDate "2015.10.17"]
[EventType "team-tourn"]
[EventRounds "14"]
[EventCountry "ESP"]
[SourceTitle "CBM 170 Extra"]
[Source "ChessBase"]
[SourceDate "2016.02.25"]
[SourceVersion "1"]
[SourceVersionDate "2016.02.25"]
[SourceQuality "1"]
[WhiteTeam "Goya Villa de Teror IV"]
[BlackTeam "Hotel Avda de Canarias V"]
[WhiteTeamCountry "ESP"]
[BlackTeamCountry "ESP"]

1. d4 d5 2. c4 c5 3. dxc5 d4 4. Nf3 Nc6 5. e3 e5 6. exd4 exd4 7. Bd3 Bxc5 8. 0-0 Nge7 9. h3 0-0 10. Nbd2 f5 11. Nb3 Bb6 12. c5 Bc7 13. Bc4+ Kh8 14. Nbxd4 Nxd4 15. Nxd4 Nc6 16. Nxc6 bxc6 17. Qf3 Qf6 18. Re1 Bd7 19. Rd1 Rad8 20. Rb1 Qe5 21. Qg3 f4 22. Qh4 g5 23. Qh5 f3 24. g3 Bxh3 25. Bxg5 Rxd1+ 26. Rxd1 Be6 27. Qh6 Qxg3+ 28. fxg3 f2+ 29. Kg2 1-0

[Event "Las Palmas Insular-chT Primera-A"]
[Site "Las Palmas"]
[Date "2016.01.09"]
[Round "8.4"]
[White "Antonini, Roberto"]
[Black "Roque Hernandez, Francisco"]
[Result "1/2-1/2"]
[WhiteElo "1590"]
[BlackElo "1409"]
[PlyCount "78"]
[EventDate "2015.10.17"]
[EventType "team-tourn"]
[EventRounds "14"]
[EventCountry "ESP"]
[SourceTitle "CBM 170 Extra"]
[Source "ChessBase"]
[SourceDate "2016.02.25"]
[SourceVersion "1"]
[SourceVersionDate "2016.02.25"]
[SourceQuality "1"]
[WhiteTeam "Hotel Avda de Canarias IV"]
[BlackTeam "Mogan V "]
[WhiteTeamCountry "ESP"]
[BlackTeamCountry "ESP"]

1. e4 f5 2. e5 h5 3. Nf3 e6 4. d4 Be7 5. Bc4 d5 6. exd6 cxd6 7. 0-0 g5 8. Nc3 g4 9. Ne1 h4 10. Bf4 Bg5 11. Nd3 d5 12. Bb3 Nc6 13. Ne2 Bf6 14. c3 Nge7 15. Re1 Ng6 16. Qd2 Na5 17. Ba4+ Kf7 18. Qc2 Nc4 19. a3 Nxf4 20. Nexf4 g3 21. fxg3 hxg3 22. hxg3 Nd6 23. Nc5 Ne4 24. Nxe4 dxe4 25. Rad1 Qg8 26. Qf2 e5 27. Bb3+ Kg7 28. Bxg8 exf4 29. Bb3 f3 30. gxf3 b6 31. Bd5 Rb8 32. fxe4 Bd7 33. e5 Be7 34. e6 Be8 35. Qxf5 Bg6 36. Qg4 Rh5 37. Re5 Rh6 38. Rf1 Rf8 39. Rxf8 Kxf8 1/2-1/2

[Event "Vecindario Ansite 4th A"]
[Site "Vecindario"]
[Date "2014.09.10"]
[Round "8.5"]
[White "Antonini, Roberto"]
[Black "Cruz Ramirez, Nauzet"]
[Result "0-1"]
[WhiteElo "1616"]
[BlackElo "1820"]
[PlyCount "72"]
[EventDate "2014.08.25"]
[EventType "tourn"]
[EventRounds "9"]
[EventCountry "ESP"]
[SourceTitle "EXT 2024"]
[Source "ChessBase"]
[SourceDate "2023.10.10"]
[SourceVersion "1"]
[SourceVersionDate "2023.10.10"]
[SourceQuality "1"]

1. e4 c5 2. Nf3 e6 3. d4 cxd4 4. Nxd4 Nf6 5. Nc3 d6 6. h3 a6 7. Be3 b5 8. a3 Bb7 9. Bd3 Nbd7 10. f3 Qc7 11. 0-0 Nc5 12. Ncxb5 axb5 13. Bxb5+ Ncd7 14. Qd3 Be7 15. b4 0-0 16. c4 Ne5 17. Qb3 Nfd7 18. Rfc1 Rfc8 19. Rc3 Bf6 20. Rac1 Nc6 21. Bxc6 Bxc6 22. b5 Nc5 23. Qc2 Be8 24. Qd2 Qa5 25. Qf2 Qd8 26. Qg3 Ra4 27. Qe1 Qa5 28. Ra1 Nd7 29. Qc1 Nb6 30. Ra2 Raxc4 31. Rxc4 Rxc4 32. Qd1 Qc3 33. Nc2 Nd7 34. Bf2 Qb3 35. Qxd6 Qxa2 36. Ne3 Rc1+ 0-1

[Event "Vecindario Ansite 4th A"]
[Site "Vecindario"]
[Date "2014.09.05"]
[Round "6.5"]
[White "Guerrero Orihuela, Jose Luis"]
[Black "Antonini, Roberto"]
[Result "0-1"]
[WhiteElo "1656"]
[BlackElo "1616"]
[PlyCount "48"]
[EventDate "2014.08.25"]
[EventType "tourn"]
[EventRounds "9"]
[EventCountry "ESP"]
[SourceTitle "EXT 2024"]
[Source "ChessBase"]
[SourceDate "2023.10.10"]
[SourceVersion "1"]
[SourceVersionDate "2023.10.10"]
[SourceQuality "1"]

1. e4 e5 2. Nc3 Nf6 3. f4 d6 4. Nf3 Bg4 5. Bc4 Nbd7 6. 0-0 c6 7. Bb3 Qb6+ 8. Kh1 Nc5 9. fxe5 Nxb3 10. exf6 Nxa1 11. fxg7 Bxg7 12. b3 Bxc3 13. dxc3 0-0-0 14. Bg5 Rd7 15. Qxa1 Rg8 16. Bh4 Qb5 17. Qe1 Bxf3 18. gxf3 Qh5 19. Qf2 f5 20. exf5 Rdg7 21. f6 Rg2 22. f7 Qxf7 23. Qe3 Qg6 24. Bg3 Rxh2+ 0-1

[Event "Vecindario Ansite 4th A"]
[Site "Vecindario"]
[Date "2014.09.03"]
[Round "5.2"]
[White "Antonini, Roberto"]
[Black "Cruz Pino, Adrian"]
[Result "0-1"]
[WhiteElo "1616"]
[BlackElo "1977"]
[PlyCount "80"]
[EventDate "2014.08.25"]
[EventType "tourn"]
[EventRounds "9"]
[EventCountry "ESP"]
[SourceTitle "EXT 2024"]
[Source "ChessBase"]
[SourceDate "2023.10.10"]
[SourceVersion "1"]
[SourceVersionDate "2023.10.10"]
[SourceQuality "1"]

1. e4 c5 2. Nf3 d6 3. d4 cxd4 4. Nxd4 Nf6 5. Nc3 a6 6. f3 e5 7. Nb3 Be6 8. Be3 h5 9. h4 Be7 10. Bf2 Nbd7 11. Be2 Rc8 12. 0-0 Nb6 13. g3 Nc4 14. Qc1 Qc7 15. Nd2 Nxb2 16. Qxb2 Qxc3 17. Qxc3 Rxc3 18. Bd3 0-0 19. Rfb1 Rc7 20. a4 Nd7 21. Rb2 Nc5 22. Be2 g6 23. Nf1 d5 24. exd5 Bxd5 25. Ne3 Bc6 26. Rba2 e4 27. f4 Bf6 28. Nc4 e3 29. Bxe3 Ne4 30. Ne5 Nc3 31. Bc4 Nxa2 32. Rxa2 Bxe5 33. fxe5 Bxa4 34. Bxf7+ Kxf7 35. Rxa4 Rxc2 36. Bg5 Ke6 37. Re4 Rf3 38. Bf4 Rd3 39. Re1 a5 40. Rb1 b5 0-1

[Event "Vecindario Ansite 4th A"]
[Site "Vecindario"]
[Date "2014.08.25"]
[Round "1.4"]
[White "Antonini, Roberto"]
[Black "Suarez Ramirez, Jonay"]
[Result "1-0"]
[WhiteElo "1616"]
[BlackElo "1608"]
[PlyCount "105"]
[EventDate "2014.08.25"]
[EventType "tourn"]
[EventRounds "9"]
[EventCountry "ESP"]
[SourceTitle "EXT 2024"]
[Source "ChessBase"]
[SourceDate "2023.10.10"]
[SourceVersion "1"]
[SourceVersionDate "2023.10.10"]
[SourceQuality "1"]

1. e4 c5 2. Nf3 Nc6 3. d4 cxd4 4. Nxd4 g6 5. Nxc6 bxc6 6. Bc4 Bg7 7. 0-0 d6 8. c3 Nf6 9. f3 0-0 10. Kh1 Qb6 11. Bb3 Nd7 12. Re1 Ne5 13. Be3 c5 14. Qc2 Ba6 15. c4 Nc6 16. Nc3 e6 17. Rad1 Nd4 18. Bxd4 Bxd4 19. Ne2 Bg7 20. Rd3 Rfd8 21. Red1 Bh6 22. Nc3 Rab8 23. Na4 Qc7 24. Qf2 Qe7 25. Qg3 e5 26. Qe1 Bf4 27. Nc3 Qe6 28. Nd5 Rd7 29. Qh4 Kg7 30. Nxf4 exf4 31. Qxf4 Bxc4 32. Rxd6 Bxb3 33. axb3 Rxd6 34. Rxd6 Qxb3 35. Qf6+ Kg8 36. h3 Qxb2 37. Rd8+ Rxd8 38. Qxb2 c4 39. Qc3 Rc8 40. Kh2 Rc5 41. Kg3 a5 42. f4 a4 43. Kf3 h5 44. g4 Rb5 45. Qxc4 Rb3+ 46. Kg2 Rb2+ 47. Kg3 a3 48. Qc8+ Kh7 49. Qc3 Ra2 50. Qb3 Re2 51. Qxf7+ Kh8 52. Qf8+ Kh7 53. Qxa3 1-0

[Event "Las Palmas Montalvo Memorial 5th"]
[Site "Las Palmas"]
[Date "2012.04.08"]
[Round "9"]
[White "Sanchez Montesdeoca, Isaac"]
[Black "Antonini, Roberto"]
[Result "1-0"]
[WhiteElo "1775"]
[BlackElo "1584"]
[PlyCount "77"]
[EventDate "2012.04.02"]
[EventType "swiss"]
[EventRounds "9"]
[EventCountry "ESP"]
[SourceTitle "CBM 147 Extra"]
[Source "ChessBase"]
[SourceDate "2012.04.24"]
[SourceVersion "1"]
[SourceVersionDate "2012.04.24"]
[SourceQuality "1"]

1. e4 e5 2. d4 exd4 3. Qxd4 Nc6 4. Qe3 Bb4+ 5. Nc3 Qf6 6. Bd2 Nge7 7. 0-0-0 0-0 8. f4 d6 9. Nf3 Bg4 10. h3 Bxf3 11. gxf3 Rfe8 12. Kb1 Nf5 13. Qf2 Bc5 14. Qh2 Nfd4 15. Nd5 Qd8 16. Bc3 Kh8 17. Rg1 f6 18. Qg3 Rg8 19. Bc4 b5 20. Bd3 b4 21. Bd2 a5 22. e5 f5 23. h4 Qd7 24. Ne3 Raf8 25. Bc4 dxe5 26. Qh3 exf4 27. Ng2 Ne5 28. Bxg8 Rxg8 29. Bxf4 Nexf3 30. Rgf1 Qa4 31. b3 Qc6 32. Rd3 Bd6 33. Rfxf3 Qxc2+ 34. Ka1 Qc1+ 35. Bxc1 Nc2+ 36. Kb1 Na3+ 37. Bxa3 bxa3 38. Rxf5 Re8 39. Qf3 1-0

[Event "Las Palmas Montalvo Memorial 5th"]
[Site "Las Palmas"]
[Date "2012.04.06"]
[Round "6"]
[White "Antonini, Roberto"]
[Black "Diaz Martin, Carolina"]
[Result "1-0"]
[WhiteElo "1584"]
[BlackElo "1469"]
[PlyCount "77"]
[EventDate "2012.04.02"]
[EventType "swiss"]
[EventRounds "9"]
[EventCountry "ESP"]
[SourceTitle "CBM 147 Extra"]
[Source "ChessBase"]
[SourceDate "2012.04.24"]
[SourceVersion "1"]
[SourceVersionDate "2012.04.24"]
[SourceQuality "1"]

1. e4 e5 2. Nf3 Nc6 3. Bb5 a6 4. Bxc6 dxc6 5. 0-0 Bd6 6. d3 h6 7. Re1 c5 8. c3 Nf6 9. Qc2 Bg4 10. Nbd2 0-0 11. b3 b6 12. Bb2 Re8 13. Re3 Qd7 14. Rae1 Rad8 15. Nh4 Qc8 16. h3 Bd7 17. g4 Bxg4 18. hxg4 Qxg4+ 19. Ng2 Qe6 20. Nf1 Ng4 21. Rf3 Rf8 22. Ng3 g6 23. Qe2 Be7 24. Bc1 Kg7 25. Nf1 f5 26. exf5 Rxf5 27. Rg3 h5 28. f3 Nh6 29. Nf4 Qf7 30. Nxg6 Kh7 31. Nxe5 Rxe5 32. Qxe5 Bh4 33. Bxh6 Bxg3 34. Nxg3 Kxh6 35. Qe6+ Qxe6 36. Rxe6+ Kg5 37. Re3 Kf4 38. Kf2 Rg8 39. Nxh5+ 1-0

[Event "Las Palmas Montalvo Memorial 5th"]
[Site "Las Palmas"]
[Date "2012.04.02"]
[Round "1"]
[White "Gonzalez Diaz, Julio"]
[Black "Antonini, Roberto"]
[Result "1-0"]
[WhiteElo "2232"]
[BlackElo "1584"]
[PlyCount "116"]
[EventDate "2012.04.02"]
[EventType "swiss"]
[EventRounds "9"]
[EventCountry "ESP"]
[SourceTitle "CBM 147 Extra"]
[Source "ChessBase"]
[SourceDate "2012.04.24"]
[SourceVersion "1"]
[SourceVersionDate "2012.04.24"]
[SourceQuality "1"]

1. e4 e5 2. Nf3 Nf6 3. d3 Nc6 4. g3 Bc5 5. Bg2 0-0 6. 0-0 d6 7. c3 Bg4 8. h3 Bh5 9. b4 Bb6 10. a4 a5 11. b5 Ne7 12. Na3 d5 13. g4 Nxg4 14. hxg4 Bxg4 15. Be3 Ng6 16. Qd2 Bxf3 17. Bxf3 Nh4 18. Bg2 Nxg2 19. Kxg2 f5 20. Bxb6 dxe4 21. Bc5 Rf6 22. Rh1 f4 23. Rae1 Rg6+ 24. Kf1 Qg5 25. f3 e3 26. Bxe3 fxe3 27. Rxe3 Rf8 28. Qf2 e4 29. dxe4 Qc5 30. Nc2 Qc4+ 31. Qe2 Qxa4 32. e5 Qb3 33. Rh4 Qb1+ 34. Ne1 Qf5 35. Ree4 Qe6 36. Qc4 c6 37. bxc6 bxc6 38. Ke2 Kh8 39. Qxe6 Rxe6 40. Nd3 g5 41. Rh1 h6 42. Nc5 Rg6 43. Ra1 h5 44. Rxa5 h4 45. Ra1 Kh7 46. Nd7 Rf7 47. Nf6+ Kh6 48. Ng4+ Kg7 49. Ke3 Re6 50. Rd1 Rb7 51. Rd6 Ree7 52. e6 c5 53. Re5 Kg6 54. Rdd5 Kg7 55. Rxg5+ Kf8 56. Rdf5+ Rf7 57. Rxf7+ Rxf7 58. exf7 Kxf7 1-0

[Event "Gran Canaria IRT 2nd"]
[Site "Gran Canaria"]
[Date "2009.07.30"]
[Round "13"]
[White "Antonini, Roberto"]
[Black "Rodriguez Mellado, Antonio"]
[Result "1-0"]
[WhiteElo "1486"]
[BlackElo "1609"]
[PlyCount "67"]
[EventDate "2009.06.26"]
[EventType "tourn"]
[EventRounds "13"]
[EventCountry "ESP"]
[SourceTitle "EXT 2011"]
[Source "ChessBase"]
[SourceDate "2010.11.26"]
[SourceVersion "1"]
[SourceVersionDate "2010.11.26"]
[SourceQuality "1"]

1. e4 e5 2. Nf3 Nc6 3. Bb5 Bc5 4. c3 Nf6 5. 0-0 d5 6. Nxe5 0-0 7. Nxc6 bxc6 8. Bxc6 Rb8 9. e5 Ng4 10. d4 Bb6 11. h3 Nh6 12. Bxh6 gxh6 13. f4 f6 14. Nd2 fxe5 15. fxe5 Rxf1+ 16. Qxf1 Be6 17. Qf2 Qg5 18. Nf3 Qg7 19. Qh4 Rf8 20. Rf1 Qg6 21. Kh2 Kh8 22. Nd2 Rxf1 23. Nxf1 Kg8 24. Bxd5 Bxd5 25. Qd8+ Kg7 26. Qxd5 h5 27. e6 c6 28. Qd7+ Kh6 29. e7 Qf7 30. e8Q Qxf1 31. Qxc6+ Kg5 32. Qd5+ Kh6 33. Qdxh5+ Kg7 34. Qg5# 1-0

[Event "Gran Canaria IRT 2nd"]
[Site "Gran Canaria"]
[Date "2009.07.25"]
[Round "11"]
[White "Antonini, Roberto"]
[Black "Arana Hernandez, Francisco Moises"]
[Result "1/2-1/2"]
[WhiteElo "1486"]
[BlackElo "1714"]
[PlyCount "33"]
[EventDate "2009.06.26"]
[EventType "tourn"]
[EventRounds "13"]
[EventCountry "ESP"]
[SourceTitle "EXT 2011"]
[Source "ChessBase"]
[SourceDate "2010.11.26"]
[SourceVersion "1"]
[SourceVersionDate "2010.11.26"]
[SourceQuality "1"]

1. e4 e5 2. Nf3 Nc6 3. Bb5 Nf6 4. 0-0 d6 5. Re1 Be7 6. c3 0-0 7. d4 exd4 8. cxd4 Bg4 9. Bxc6 bxc6 10. Nc3 Rb8 11. h3 Bh5 12. b3 h6 13. Bb2 Bxf3 14. Qxf3 Nh7 15. Qd3 Bf6 16. d5 cxd5 17. exd5 1/2-1/2

[Event "Gran Canaria IRT 2nd"]
[Site "Gran Canaria"]
[Date "2009.06.27"]
[Round "2"]
[White "Antonini, Roberto"]
[Black "Jimenez Mendoza, Jose Miguel"]
[Result "0-1"]
[WhiteElo "1486"]
[BlackElo "1654"]
[PlyCount "114"]
[EventDate "2009.06.26"]
[EventType "tourn"]
[EventRounds "13"]
[EventCountry "ESP"]
[SourceTitle "EXT 2011"]
[Source "ChessBase"]
[SourceDate "2010.11.26"]
[SourceVersion "1"]
[SourceVersionDate "2010.11.26"]
[SourceQuality "1"]

1. e4 e5 2. Nf3 Nc6 3. Bb5 a6 4. Ba4 Nf6 5. 0-0 b5 6. Bb3 d6 7. Re1 Be7 8. c3 0-0 9. d4 Bg4 10. d5 Na5 11. Bc2 Nc4 12. b3 Nb6 13. Qd3 c5 14. Nfd2 Nh5 15. Nf1 c4 16. Qd2 Nf4 17. h3 Bh5 18. Kh2 Qc8 19. Qe3 Rb8 20. g4 Bg6 21. Qg3 Nfxd5 22. h4 Nf6 23. f3 h5 24. g5 Nfd7 25. f4 exf4 26. Bxf4 Qc6 27. Nbd2 Ne5 28. Bxe5 dxe5 29. Rac1 Rbd8 30. Ne3 Ba3 31. Rb1 Bd6 32. Kg2 Rfe8 33. Ndf1 Bc7 34. Rbd1 Rd7 35. bxc4 Nxc4 36. Nxc4 Rxd1 37. Na5 Bxa5 38. Rxd1 Bxe4+ 39. Bxe4 Qxe4+ 40. Kh3 Qf5+ 41. Kg2 Rc8 42. Rd3 Qe4+ 43. Kh3 Qxd3 44. Qxd3 Rxc3 45. Qxc3 Bxc3 46. Ne3 b4 47. Kg3 a5 48. Nc2 Kf8 49. Kf3 Ke7 50. Ke4 a4 51. Kd3 Kd6 52. Kc4 Bd2 53. Kd3 b3 54. axb3 axb3 55. Na3 Be1 56. Nc4+ Kd5 57. Nb2 Bf2 0-1

[Event "Gran Canaria IRT 2nd"]
[Site "Gran Canaria"]
[Date "2009.06.27"]
[Round "3"]
[White "Monteiro Rodrigues, Carlos"]
[Black "Antonini, Roberto"]
[Result "1-0"]
[WhiteElo "1619"]
[BlackElo "1486"]
[PlyCount "54"]
[EventDate "2009.06.26"]
[EventType "tourn"]
[EventRounds "13"]
[EventCountry "ESP"]
[SourceTitle "EXT 2011"]
[Source "ChessBase"]
[SourceDate "2010.11.26"]
[SourceVersion "1"]
[SourceVersionDate "2010.11.26"]
[SourceQuality "1"]

1. e4 c5 2. Nf3 Nc6 3. d4 cxd4 4. Nxd4 e6 5. Nc3 a6 6. Be3 g6 7. Qd2 Qc7 8. 0-0-0 Bg7 9. f3 Nge7 10. g4 b5 11. Kb1 Na5 12. Ncxb5 axb5 13. Nxb5 Qb8 14. Nd6+ Kf8 15. b3 Nac6 16. Bh6 Qa7 17. Bxg7+ Kxg7 18. Qc3+ f6 19. a4 Ba6 20. g5 e5 21. gxf6+ Kxf6 22. f4 Nd4 23. fxe5+ Kxe5 24. Rxd4 Qxd4 25. Nf7+ Kf6 26. Qxd4+ Kxf7 27. Bxa6 Raf8 1-0